000 00440nam a2200181Ia 4500
005 20250423100157.0
008 250422s9999 xx 000 0 und d
020 _a0-631-15712-3
050 _aBF371.P277
100 _aAlan J. Parkin
245 0 _aMemory: Phenomena, Experiment, and Theory
260 _aOxford UK & Cambridge USA
260 _bBlackwell
260 _c1993
300 _a231 p
650 _aPsychology
942 _cBK
999 _c32513
_d32513